1636 1971 1173 1577 1632 1189 1869 1327 1504 1925 1366 1054 1208 1384 1358 1662 1179 1451 1357 1079 1284 1025 1119 1022 1702 1586 1283 1175 1533 1231 1407 1886 1525 1939 1363 1872 1286 1800 1249 1028 1770 1019 1256 1544 1755 1680 1668 1748 1902 1075 1704 1913 1844 1397 1534 1044 1040 1356 1258 1085 1676 1174 1330 1537 1608 1496 1558 1303 1120 1494 1125 1958 1603 1462 1213 1875 1312 1233 1971 1874 1381 1892 1779 1341 1895 1553 1374 1185 1824 1839 1195 1926 1762 1150 1929 1312 1395 1249 1398 BCNSPRNW ULIB Ver.6.0+V

เปลี่ยนเป็นภาษาไทย

Change to English
 แสดงรายละเอียดบรรณานุกรม
  กลับหน้าหลัก

Brief Record : Get Marc (ISO 2709) : E-mail record : QR code < ปิดหน้าต่าง
LEADER : 00000nam 2200000uu 4500
001    13399112625
003     ULIB
008    110829s2550||||th 000 0 tha d
020    974944020X
020    9789749440209
050  4 HV290^bป196ส 2550
100 0  ประกิต วาทีสาธกกิจ
245 10 สู้เพื่อไทยไร้ควันบุหรี่ :^bบันทึกไว้เป็นประวัติศาสตร์ /^cโดย ประกิต วาทีสาธกกิจ ; คณะบรรณาธิการ, แสงเดือน สุวรรณรัศมี ... [และคนอื่นๆ]
246 30 บันทึกไว้เป็นประวัติศาสตร์ 1
250    พิมพ์ครั้งที่ 2
260    กรุงเทพฯ :^bมูลนิธิรณรงค์เพื่อการไม่สูบบุหรี่,^c2550
300    (30), 160 หน้า :^bภาพประกอบ ;^c21 ซม.
650  4 การเลิกบุหรี่^zไทย
650  4 การสูบบุหรี่^zไทย
650  4 คนสูบบุหรี่^zไทย
650  4 บุหรี่
700 0  แสงเดือน สุวรรณรัศมี,^eบรรณาธิการ
710 2  มูลนิธิรณรงค์เพื่อการไม่สูบบุหรี่
945    ^p155^l0^i022902
945    ^p155^l0^i026704
995    ทศพร
999 ^a ทศพร
รายการนี้ยังไม่มีแท็ก
คุณยังไม่ได้ล็อกอิน คุณสามารถมีกิจกรรมร่วมกับเว็บไซต์ได้ แต่ต้องล็อกอินก่อน ::
  ล็อกอิน

รายการสื่อสารสนเทศ

ลำดับที่ ประเภท เลขเรียก/บาร์โค้ด สถานที่ สถานะ
- ไม่พบข้อมูล -

รายการใกล้เคียง
    ผู้แต่ง [ประกิต วาทีสาธกกิจ]

    หัวเรื่อง [บุหรี่]

BibComment


ยังไม่เคยถูกคอมเมนท์

คอมเมนท์ทรัพยากรรายการนี้
  คอมเมนท์: สู้เพื่อไทยไร้ควั..


 Copyright 2026. Bcnsprnw @Library